| Tag |
First Indicator |
Second Indicator |
Subfields |
| LEADER |
00000cam a2200000 a 4500 |
| 001 |
in00000092749 |
| 005 |
20150923173221.0 |
| 007 |
he bm| ba|| |
| 008 |
810630r1832 kyuc b 00010 eng d |
| 035 |
|
|
|a (OCoLC)07539671
|
| 035 |
|
|
|9 AAK7752AM
|
| 040 |
|
|
|a MIA
|c MIA
|d TXA
|d UtOrBLW
|
| 043 |
|
|
|a n-us-pa
|
| 049 |
|
|
|a TXAI
|
| 099 |
|
|
|a fiche
|a C
|a 3871
|
| 100 |
1 |
|
|a Malin, William Gunn,
|d 1801-1887.
|
| 245 |
1 |
0 |
|a Some account of the Pennsylvania Hospital :
|b its origin, objects, and present state /
|c by W.G. Malin.
|
| 264 |
|
3 |
|a Philadelphia :
|b Printed by T. Kite,
|c 1832.
|
| 300 |
|
|
|a 46 pages :
|b portrait ;
|c 23 cm.
|
| 336 |
|
|
|a text
|b txt
|2 rdacontent
|
| 337 |
|
|
|a microform
|b h
|2 rdamedia
|
| 338 |
|
|
|a microfiche
|b he
|2 rdacarrier
|
| 500 |
|
|
|a "Sabin : 44122."
|
| 500 |
|
|
|a "Copied from the original in the Library of Congress."
|
| 533 |
|
|
|a Microfiche.
|b Louisville, [Ky.] :
|c Lost Cause Press,
|d 1979.
|e 2 microfiches : negative ; 11 x 15 cm.
|f ([Bibliotheca Americana. Selected Americana. Microfiche ed. / J. Sabin]) (Fiche book)
|
| 500 |
|
|
|a Microform.
|
| 610 |
1 |
0 |
|a Pennsylvania Hospital (Philadelphia, Pa.)
|
| 999 |
|
|
|a MARS
|
| 999 |
f |
f |
|s 6b051332-eb89-370b-a63c-38380b1e2988
|i 28d1505a-fee4-3e1e-b25c-d460d98ac6d4
|t 0
|
| 952 |
f |
f |
|p normal
|a Texas A&M University
|b College Station
|c Sterling C. Evans Library
|d Evans: Microforms (3rd floor)
|t 0
|e fiche C 3871
|h Other scheme
|i microform -- microfiche
|m A14821396366
|
| 998 |
f |
f |
|a fiche C 3871
|t 0
|l Evans: Microforms (3rd floor)
|